Statistiken für Dreizehn Kolonien

Klicken Sie hier um das Quiz zu spielen!

Allgemein

  • Dieses Quiz wurde 136 mal gespielt
  • Das Durchschnittsergebnis liegt bei 10 aus 13

Antwortstatistiken

Kolonie % Korrekt
New York
95%
Virginia
89%
New Jersey
86%
Rhode Island
85%
Delaware
84%
Maryland
83%
Pennsylvania
76%
North Carolina
74%
South Carolina
74%
New Hampshire
72%
Connecticut
70%
Massachusetts
69%
Georgia
66%

Verteilung der Resultate

Perzentil nach korrekt beantworteten Fragen

Anzahl Personen mit jedem Resultat

Ihre Resultats-Entwicklung

Sie haben dieses Quiz noch nicht gespielt